| 000 | 00879nam a22002175i 4500 | ||
|---|---|---|---|
| 001 | 156742 | ||
| 003 | ES-MaACL | ||
| 005 | 20251009144827.0 | ||
| 008 | 040812s1854 fr |||| | fre d | ||
| 040 |
_aCAM _bspa _cCAM |
||
| 100 | 1 |
_aGeoffroi de la Tour Landry. _9154447 |
|
| 245 | 1 | 3 |
_aLe livre du chevalier de la Tour Landry _b: pour l'enseignement de ses filles / _cpubliée d'après les manuscrits de Paris et de Londres par Anatole de Montaiglon. |
| 260 |
_aA Paris : _bchez P. Jannet, _c1854 ( _fImp. Guiraudet et Jouaust) |
||
| 300 |
_aXLIV, 303 p. ; _c17 cm. |
||
| 490 | 1 |
_aBibliothèque Elzevirienne ; _v115 |
|
| 650 | 4 |
_aMujeres- _xEducación _912094 |
|
| 700 | 1 |
_aMontaiglon, Anatole de, _d1824-1895 _9130075 |
|
| 830 | 0 |
_aBibliothèque Elzevirienne ; _v115 _9180979 |
|
| 852 |
_aES-MaACL _jG-2306(1) _z-- Enc. tela grabada |
||
| 999 |
_c156742 _d156742 |
||